| 000 | 00350nam a22001457a 4500 | ||
|---|---|---|---|
| 020 | _qPB. | ||
| 040 | _cFIZZA ISHAQ | ||
| 082 |
_a624.1821 _bJAC |
||
| 100 |
_aCORMAC,MC JACK. _991218 |
||
| 245 |
_aSTRUCTURAL STEEL DESIGN / _cJACK MC CORMAC. |
||
| 250 | _a4th ED. | ||
| 260 |
_aNEW YORK ; _bPEARSON, _c2012. |
||
| 300 | _a724 P. ; | ||
| 942 |
_2ddc _cBK |
||
| 999 |
_c589393 _d589393 |
||